| 000 -CABECERA |
| Longitud fija campo de control |
00904nam a22002537a 4500 |
| 003 - IDENTIFICADOR DEL NÚMERO DE CONTROL |
| Identificador del número de control |
OSt |
| 005 - FECHA Y HORA DE LA ÚLTIMA TRANSACCIÓN |
| Fecha y hora de la última transacción |
20181218164942.0 |
| 008 - CÓDIGOS DE INFORMACIÓN DE LONGITUD FIJA |
| Códigos de información de longitud fija |
140225s2013 sp ||||| |||| 00| 0 cat d |
| 020 ## - NÚMERO INTERNACIONAL NORMALIZADO PARA LIBROS |
| Número Internacional Normalizado para Libros (ISBN) |
9788496645172 (vol. 1) |
| 020 ## - NÚMERO INTERNACIONAL NORMALIZADO PARA LIBROS |
| Número Internacional Normalizado para Libros (ISBN) |
9788496645219 (vol. 2) |
| 020 ## - NÚMERO INTERNACIONAL NORMALIZADO PARA LIBROS |
| Número Internacional Normalizado para Libros (ISBN) |
9788496645226 (vol. 3) |
| 040 ## - FUENTE DE LA CATALOGACIÓN |
| Lengua de catalogación |
cat |
| Centro transcriptor |
CDMR |
| 100 1# - PUNTO DE ACCESO PRINCIPAL-NOMBRE DE PERSONA |
| 9 (RLIN) |
2992 |
| Nombre de persona |
Cadena, Josep Maria |
| 245 10 - MENCIÓN DE TÍTULO |
| Título |
Junceda |
| Resto del título |
: els dibuixants del ¡Cu-Cut! / |
| Mención de responsabilidad, etc. |
Josep Maria Cadena |
| 260 ## - PUBLICACIÓN, DISTRIBUCIÓN, ETC. (PIE DE IMPRENTA) |
| Lugar de publicación, distribución, etc. |
Barcelona |
| Nombre del editor, distribuidor, etc. |
Àmbit |
| Fecha de publicación, distribución, etc. |
DL 2013 |
| 300 ## - DESCRIPCIÓN FÍSICA |
| Extensión |
vol. (545, 593, 445 p.) : |
| Otras características físicas |
il. ; |
| Dimensiones |
20 cm |
| 500 ## - NOTA GENERAL |
| Nota general |
Editat amb la col·laboració de l'Ajuntament de Barcelona |
| 505 8# - NOTA DE CONTENIDO CON FORMATO |
| Nota de contenido con formato |
Conté: 1. 1902-1906 -- 2. 1907-1909 -- 3. 1910-1912 |
| 600 17 - PUNTO DE ACCESO ADICIONAL DE MATERIA - NOMBRE DE PERSONA |
| 9 (RLIN) |
4544 |
| Nombre de persona |
Junceda, Joan |
| Fechas asociadas al nombre |
1881-1948 |
| Fuente de encabezamiento o te&ecute,rmino |
lemac |
| 650 04 - PUNTO DE ACCESO ADICIONAL DE MATERIA - TÉRMINO DE MATERIA |
| 9 (RLIN) |
3384 |
| Término de materia o nombre geográfico como elemento inicial |
Dibuixants |
| Subdivisión de materia general |
Biografia |
| Subdivisión geográfica |
Catalunya |
| 650 04 - PUNTO DE ACCESO ADICIONAL DE MATERIA - TÉRMINO DE MATERIA |
| 9 (RLIN) |
3162 |
| Término de materia o nombre geográfico como elemento inicial |
Humorisme gràfic |
| Subdivisión de materia general |
Història |
| Subdivisión geográfica |
Catalunya |
| 710 1# - PUNTO DE ACCESO ADICIONAL - NOMBRE DE ENTIDAD |
| 9 (RLIN) |
2829 |
| Nombre de entidad o nombre de jurisdicción como elemento inicial |
Barcelona |
| Unidad subordinada |
-- Ajuntament |
| 942 ## - ENTRADA DE ELEMENTOS AGREGADOS (KOHA) |
| Koha [por defecto] tipo de item |
Monografies |
| Fuente de clasificaión o esquema |
|